000 01792 a2200217 4500
001 34814
005 20260407155633.0
008 260407a1987 arg spa d
003 AR-UNSa-BCEJYS
040 _aAR-UNSa-BCEJYS
_bspa
_cAR-UNSa-BCEJYS
080 _a336.763
_xTítulos. Valores
245 1 0 _aInversiones en títulos públicos
_ptratamiento integral
020 _a950-541-046-8
264 1 _aBuenos Aires :
_bEdiciones Contabilidad Moderna
_c1987
300 _a371 p.
_c22 cm.
505 _a1. Características fundamentales del título - 2. Tratamiento de las compras - 3. Resultados por rentas - 4. Resultados por venta de cupones de renta - 5. Resultados por amortización - 6. Valuación al cierre - 7. Resultados por venta - 8. Caso práctico. Resumen - 9. Reexpresion de los resultados de operaciones con bonex - 10. Características fundamentales del título - 11. Tratamiento de las compras - 12. Resultados por renta - 13. Resultados por amortización - 14. Valuación al cierre - 15. Resultados por venta - 16. Características fundamentales del título - 17. Tratamiento de las compras - 18. Resultados por renta - 19. Resultados pora amortización - 20. Valuación al cierre - 21. Resultados por venta - 22. Características fundamentales del título - 23. Tratamiento de las compras - 24. Resultados por renta - 25. Resultados por amortización - 26. Valuación al cierre - 27. Resultados por venta - 28. Características fundamentales del título - 29. Tratamiento de las compras - 30. Resultados por renta - 31. Resultados por amortización - 32. Valuación al cierre - 33. Resultados por renta - 34. Características fundamentales del título -
041 _aspa
942 _cBK
590 _aniveau_biblio:m niveau_hierar:0
100 1 _aSenderovich, Pablo David
999 _c2493
_d2493